Capital cities ending in E - Statistics

General Stats
  • This quiz has been taken 141 times
    135 since last reset
  • The average score is 16 of 21
Answer Stats
Answer % Correct
Lome
85%
Harare
84%
Vientiane
84%
Rome
83%
Belgrade
81%
Lilongwe
81%
Port au Prince
81%
Basseterre
80%
Male
80%
Prague
80%
Gaborone
78%
Brazzaville
76%
San Jose
76%
Yaounde
76%
Sao Tome
75%
Singapore
74%
Mbabane
73%
Skopje
73%
Libreville
70%
Dushanbe
67%
Sri Jayawardenepura Kotte
39%
No matching quizzes found
Score Distribution
Percent of People with Each Score
Percentile by Number Answered
Your Score History
You have not taken this quiz since the last reset